| 000 | 00613cam a22001814a 4500 | ||
|---|---|---|---|
| 005 | 20250605163647.0 | ||
| 008 | 250528s ||||||||||||||||||||||||d | ||
| 035 | _a23767 | ||
| 040 |
_aGR-AtMCL _bgre _dGR-AtMCL _eAACR2 |
||
| 245 | 1 | _aTanker Market | |
| 260 | _c2010 | ||
| 300 | _a20 | ||
| 520 | _aIntroduction, Single/Double Hull Tankers, Operations Cost and Prices, Organization of Tanker Market and Petroleum, World Oil Checkpoint, Supply and Demand, Future Prospects, Conclusion, References. | ||
| 700 | 1 | _aΣερέμελης Αλέξανδρος | |
| 942 | _cDS | ||
| 999 |
_c8704 _d8704 |
||